[Event "Leitersdorf Region-ch"]
[Site "Leitersdorf"]
[Date "2015.01.04"]
[Round "3"]
[White "Kohlbacher, Friedrich"]
[Black "Tantscher, Christoph"]
[Result "0-1"]
[WhiteElo "1652"]
[BlackElo "1264"]
[PlyCount "106"]
[EventDate "2015.01.02"]
[EventType "swiss"]
[EventRounds "5"]
[EventCountry "AUT"]
[SourceTitle "CBM 164 Extra"]
[Source "ChessBase"]
[SourceDate "2015.03.02"]
[SourceVersion "1"]
[SourceVersionDate "2015.03.02"]
[SourceQuality "1"]

1. e4 e5 2. f4 Be7 3. Nf3 exf4 4. Bc4 Bh4+ 5. Kf1 Be7 6. d4 Nf6 7. Ng5 0-0 8. e5 Ne8 9. Nxf7 Rxf7 10. Bxf7+ Kxf7 11. Qh5+ Kg8 12. Bxf4 Nc6 13. c3 d5 14. exd6 Nxd6 15. Qd5+ Kh8 16. Nd2 Qf8 17. Qf3 Bd7 18. Kg1 Qf5 19. Bxd6 Bxd6 20. Qxf5 Bxf5 21. Re1 Bf4 22. Nf3 Bd3 23. Kf2 g6 24. g3 Bh6 25. h3 Bc4 26. b3 Bd5 27. c4 Bxf3 28. Kxf3 Nxd4+ 29. Kg4 Nc2 30. Re4 Ne3+ 31. Kf3 Rf8+ 32. Ke2 Nf5 33. Rg1 Rd8 34. Kf3 Rd3+ 35. Kg4 Bd2 36. h4 h5+ 37. Kh3 Bb4 38. Re5 Bd6 39. Rd5 Re3 40. c5 Bxg3 41. Rxg3 Rxg3+ 42. Kh2 Rg4 43. Rd8+ Kg7 44. Rd7+ Kf6 45. Rxc7 Rxh4+ 46. Kg2 Rg4+ 47. Kf2 Rb4 48. c6 bxc6 49. Rxc6+ Kg5 50. Ra6 Rf4+ 51. Ke2 h4 52. Rxa7 h3 53. Rc7 Kg4 0-1